| 000 | 00538nam a2200169Ia 4500 | ||
|---|---|---|---|
| 005 | 20250508160454.0 | ||
| 008 | 008 250505s9999 xx 000 0 eng d | ||
| 037 | _aTextual | ||
| 040 |
_aFEDL _beng _cFEDL |
||
| 041 |
_aeng _2eng |
||
| 084 |
_a537.207, SCI _qFEDL |
||
| 245 | 0 | _aTeaching of electricity: With special reference to the use of M.K.S. units | |
| 245 | 2 | _cA Report of a Sub-Committee of the Science Masters' Association | |
| 300 | _axii,135p. | ||
| 942 |
_cTEXL _h537.207, SCI |
||
| 999 |
_c1364810 _d1364810 |
||